[Event "RUS-chB U16"]
[Site "Dagomys"]
[Date "2009.04.16"]
[Round "2"]
[White "Leonov, Vladislav"]
[Black "Chernov, Mikhail"]
[Result "0-1"]
[WhiteElo "2165"]
[BlackElo "1996"]
[PlyCount "88"]
[EventDate "2009.04.15"]
[EventType "swiss"]
[EventRounds "9"]
[EventCountry "RUS"]
[SourceTitle "EXT 2010"]
[Source "ChessBase"]
[SourceDate "2010.11.25"]
[SourceVersion "1"]
[SourceVersionDate "2010.11.25"]
[SourceQuality "1"]

1. b4 d5 2. Bb2 Qd6 3. b5 Qb4 4. Be5 Qxb5 5. Bxc7 Qc5 6. Bxb8 Rxb8 7. Nf3 Bf5 8. c3 Nf6 9. d4 Qa5 10. Qb3 Rc8 11. Nfd2 Bxb1 12. Rxb1 Qxc3 13. Qa4+ Qc6 14. Qxc6+ Rxc6 15. e4 Rc7 16. Bb5+ Kd8 17. e5 Nd7 18. 0-0 e6 19. Nb3 a6 20. Bxd7 Kxd7 21. Rfc1 Ba3 22. Nc5+ Rxc5 23. Rxc5 Bxc5 24. dxc5 Rc8 25. Rxb7+ Rc7 26. Rxc7+ Kxc7 27. Kf1 Kc6 28. Ke1 Kxc5 29. Kd2 Kd4 30. f4 Ke4 31. g3 Kf3 32. Kd3 Kg2 33. g4 Kxh2 34. f5 Kg3 35. fxe6 fxe6 36. g5 h5 37. Kd4 h4 38. Kc5 h3 39. Kd6 h2 40. Kxe6 h1Q 41. Kf7 Qf3+ 42. Kxg7 Qf5 43. g6 Qxe5+ 44. Kf7 d4 0-1

[Event "Moscow op-B"]
[Site "Moscow"]
[Date "2009.02.08"]
[Round "9"]
[White "Leonov, Vladislav"]
[Black "Sadikhov, Ulvi Ramil Oglu"]
[Result "1-0"]
[WhiteElo "2176"]
[BlackElo "1885"]
[PlyCount "103"]
[EventDate "2009.01.31"]
[EventType "swiss"]
[EventRounds "9"]
[EventCountry "RUS"]
[SourceTitle "EXT 2012"]
[Source "ChessBase"]
[SourceDate "2011.11.24"]
[SourceVersion "1"]
[SourceVersionDate "2011.11.24"]
[SourceQuality "1"]

1. e4 c5 2. Nf3 e6 3. c3 d5 4. Bd3 Nc6 5. 0-0 Nf6 6. e5 Nd7 7. Bb5 Qc7 8. d4 a6 9. Ba4 b5 10. Bc2 h6 11. a3 a5 12. Re1 Nb6 13. Nbd2 c4 14. Nf1 Bb7 15. h3 0-0-0 16. Bf4 g5 17. Bh2 Be7 18. g4 h5 19. Ng3 hxg4 20. hxg4 b4 21. axb4 axb4 22. Ba4 b3 23. Bxc6 Bxc6 24. Qd2 Na4 25. Kg2 Kb7 26. Nh5 Rdg8 27. Bg3 Rxh5 28. gxh5 g4 29. Nh2 Qd8 30. Rxa4 Bxa4 31. Qf4 Rg7 32. Nxg4 Bg5 33. Qf3 Qh8 34. Nf6 Qh6 35. Rh1 Bc1 36. Ng4 Qd2 37. h6 Rh7 38. Qf6 Qxb2 39. Qe7+ Ka6 40. Qd6+ Ka7 41. Qc5+ Ka6 42. Qc8+ Ka7 43. Bh4 Qe2 44. Qc7+ Ka6 45. Qd6+ Ka7 46. Ne3 b2 47. Qc7+ Ka6 48. Qc8+ Ka7 49. Be7 b1Q 50. Bc5+ Qb6 51. Qc7+ Ka8 52. Bxb6 1-0

[Event "Moscow op-B"]
[Site "Moscow"]
[Date "2009.02.06"]
[Round "7"]
[White "Leonov, Vladislav"]
[Black "An, Yuri"]
[Result "1-0"]
[WhiteElo "2176"]
[BlackElo "2014"]
[PlyCount "68"]
[EventDate "2009.01.31"]
[EventType "swiss"]
[EventRounds "9"]
[EventCountry "RUS"]
[SourceTitle "EXT 2012"]
[Source "ChessBase"]
[SourceDate "2011.11.24"]
[SourceVersion "1"]
[SourceVersionDate "2011.11.24"]
[SourceQuality "1"]

1. e4 c6 2. Nf3 a6 3. d4 d5 4. e5 Bg4 5. Bd3 e6 6. 0-0 c5 7. dxc5 Bxc5 8. c3 Nc6 9. Bf4 Nge7 10. h3 Bh5 11. Bh2 Bg6 12. Qe2 Bxd3 13. Qxd3 Ng6 14. Nbd2 Qc7 15. Rae1 Be7 16. Kh1 b5 17. a3 0-0 18. Re2 Rfd8 19. Bg3 a5 20. h4 b4 21. axb4 axb4 22. c4 h5 23. cxd5 Rxd5 24. Qe3 Rad8 25. Rc1 Qb7 26. Nc4 Rd1+ 27. Re1 Rxe1+ 28. Rxe1 Rd5 29. Nd6 Qa6 30. Rc1 Bxd6 31. exd6 e5 32. Ng5 f6 33. Qb3 Kh8 34. Nf7+ Kh7 1-0

[Event "Moscow op-B"]
[Site "Moscow"]
[Date "2009.02.01"]
[Round "2"]
[White "Borisovsky, Viktor"]
[Black "Leonov, Vladislav"]
[Result "1-0"]
[WhiteElo "2041"]
[BlackElo "2176"]
[PlyCount "87"]
[EventDate "2009.01.31"]
[EventType "swiss"]
[EventRounds "9"]
[EventCountry "RUS"]
[SourceTitle "EXT 2012"]
[Source "ChessBase"]
[SourceDate "2011.11.24"]
[SourceVersion "1"]
[SourceVersionDate "2011.11.24"]
[SourceQuality "1"]

1. d4 c5 2. e3 Nf6 3. c4 g6 4. Nc3 Bg7 5. g3 0-0 6. Bg2 Na6 7. Nge2 d6 8. f4 Rb8 9. 0-0 cxd4 10. exd4 Nc7 11. d5 Bg4 12. h3 Bxe2 13. Nxe2 b5 14. Nd4 bxc4 15. Nc6 Qd7 16. Nxb8 Rxb8 17. a4 e6 18. dxe6 fxe6 19. Qd4 d5 20. Qxa7 Ra8 21. Qc5 Na6 22. Qb6 Bf8 23. Be3 Qd6 24. Qd4 Bg7 25. Qd2 Nb4 26. Bd4 Nd3 27. Qc3 Nh5 28. Bxg7 Nxg7 29. b3 Qb6+ 30. Kh2 Qxb3 31. Qxb3 cxb3 32. Rfd1 Nb4 33. Rab1 Rxa4 34. Rxb3 Nf5 35. Rdb1 Nc6 36. Rb6 Nfe7 37. Rc1 Nd4 38. Rc7 Kf8 39. Rb8+ Kf7 40. Rbb7 Ra2 41. Rxe7+ Kf8 42. g4 h5 43. Rec7 Rc2 44. Rb8# 1-0

[Event "Zvenigorod Autumn op-B"]
[Site "Zvenigorod"]
[Date "2008.09.28"]
[Round "6"]
[White "Leonov, Vladislav"]
[Black "Pospelov, Sergey Lvovich"]
[Result "1-0"]
[WhiteElo "2197"]
[BlackElo "2039"]
[PlyCount "89"]
[EventDate "2008.09.25"]
[EventType "swiss"]
[EventRounds "9"]
[EventCountry "RUS"]
[SourceTitle "EXT 2022"]
[Source "ChessBase"]
[SourceDate "2021.10.06"]
[SourceVersion "1"]
[SourceVersionDate "2021.10.06"]
[SourceQuality "1"]

1. Nf3 Nf6 2. g3 g6 3. Bg2 Bg7 4. c4 d6 5. 0-0 0-0 6. Nc3 c6 7. d3 Re8 8. Rb1 Qc7 9. b4 Nbd7 10. e4 Ng4 11. d4 e5 12. d5 Ngf6 13. h3 cxd5 14. Nb5 Qb6 15. exd5 Bf8 16. Be3 Qd8 17. Nxa7 Nb6 18. Bxb6 Qxb6 19. Nxc8 Rexc8 20. c5 dxc5 21. bxc5 Qxc5 22. Nxe5 Bd6 23. Nd3 Qa7 24. Qf3 Kg7 25. Nf4 Rc4 26. Rfd1 Re8 27. Ne6+ fxe6 28. dxe6 Be7 29. Rxb7 Qc5 30. a4 Re4 31. Qb3 Re2 32. Rf1 Qc8 33. Rb6 Qc5 34. Bf3 Rd2 35. Rb7 Rf8 36. Qe3 Qd6 37. Rxe7+ Qxe7 38. Qxd2 Qxe6 39. Bg2 Qc4 40. a5 Ne4 41. Qe3 Nc3 42. Re1 Rf6 43. a6 Nd5 44. Bxd5 Qxd5 45. Qe7+ 1-0

[Event "Zvenigorod Autumn op-B"]
[Site "Zvenigorod"]
[Date "2008.09.27"]
[Round "4"]
[White "Leonov, Vladislav"]
[Black "Tkachuk, Andrey"]
[Result "1/2-1/2"]
[WhiteElo "2197"]
[BlackElo "2119"]
[PlyCount "111"]
[EventDate "2008.09.25"]
[EventType "swiss"]
[EventRounds "9"]
[EventCountry "RUS"]
[SourceTitle "EXT 2022"]
[Source "ChessBase"]
[SourceDate "2021.10.06"]
[SourceVersion "1"]
[SourceVersionDate "2021.10.06"]
[SourceQuality "1"]

1. e4 c5 2. Nf3 Nc6 3. Bb5 d6 4. 0-0 Bd7 5. c3 a6 6. Ba4 b5 7. Bc2 e5 8. d4 Qc7 9. a4 Rb8 10. axb5 axb5 11. Be3 Nf6 12. h3 Be7 13. Re1 0-0 14. Nbd2 h6 15. dxc5 dxc5 16. Nb3 c4 17. Nc5 Bc8 18. b4 Rd8 19. Qc1 Nd7 20. Nxd7 Bxd7 21. Nh2 Bf8 22. Nf1 Ne7 23. f4 exf4 24. Bxf4 Qb6+ 25. Qe3 Qxe3+ 26. Nxe3 Ra8 27. Ra5 Rxa5 28. bxa5 Ra8 29. Bc7 Nc6 30. Bb6 Be7 31. Nd5 Bd8 32. Rd1 Be6 33. Bxd8 Nxd8 34. Nc7 Rb8 35. Rd6 Rc8 36. Nxb5 Nb7 37. Ra6 g6 38. Ra7 Nc5 39. Rc7 Rxc7 40. Nxc7 Bc8 41. Kf2 Kf8 42. Ke3 Ke7 43. Kd4 Nb3+ 44. Bxb3 cxb3 45. Nd5+ Ke6 46. Nf4+ Kd6 47. Nd3 Bb7 48. c4 f6 49. g4 g5 50. Nb2 Ke6 51. Na4 Kd6 52. Nb2 Ke6 53. Nd3 Kd6 54. Ke3 Ba6 55. Kd4 Bb7 56. Nb2 1/2-1/2